[Event "BCF-ch 5-day op AM Week 2"]
[Site "Torquay"]
[Date "2013.08.05"]
[Round "1"]
[White "Atiomo, William"]
[Black "Taylor, Adam A"]
[Result "0-1"]
[WhiteElo "1762"]
[BlackElo "1967"]
[PlyCount "74"]
[EventDate "2013.08.05"]
[EventType "swiss"]
[EventRounds "5"]
[EventCountry "ENG"]
[SourceTitle "EXT 2023"]
[Source "ChessBase"]
[SourceDate "2022.10.05"]
[SourceVersion "1"]
[SourceVersionDate "2022.10.05"]
[SourceQuality "1"]

1. e4 c5 2. Nf3 Nc6 3. d4 cxd4 4. Nxd4 e5 5. Nb5 d6 6. Be2 Be7 7. c4 f5 8. N1c3 a6 9. Na3 f4 10. Nd5 Nf6 11. Nxe7 Qxe7 12. f3 0-0 13. Bd2 Nh5 14. Bc3 Qh4+ 15. Kd2 Qf2 16. Qg1 Qc5 17. Qxc5 dxc5 18. Rad1 Be6 19. Kc1 Nd4 20. Rhe1 Rfc8 21. Kb1 Nf6 22. b3 Ne8 23. Bd3 Nd6 24. Rd2 Rab8 25. Red1 b5 26. Bxd4 cxd4 27. cxb5 axb5 28. Rc1 Rc3 29. Be2 b4 30. Nc4 Nxc4 31. Bxc4 Bxc4 32. bxc4 Rc8 33. Rxc3 bxc3 34. Rc2 Rxc4 35. a3 d3 36. Ra2 c2+ 37. Kc1 d2+ 0-1